Anuari de la Informació de Catalunya : (2na. etapa) : 1989 / direcció: Joan Brunet i Mauri (2na. etapa) :
Descripción Física:
XXXVIII, 187 p. ; 21 cm
Otros Autores:
Brunet i Mauri, Joan, 1948-
MARC
| LEADER | 00000nam a2200000Ia 4500 | ||
|---|---|---|---|
| 001 | 10487 | ||
| 003 | BGR | ||
| 005 | 20260324175653.0 | ||
| 008 | 160829s1989 xx 000 0 cat d | ||
| 080 | |a C-1-270 | ||
| 245 | |a Anuari de la Informació de Catalunya : |b (2na. etapa) : |b 1989 / direcció: |b Joan Brunet i Mauri | ||
| 260 | |a Barcelona : |b Fundació Centre Internacional de Premsa de Barcelona, |c 1989 | ||
| 300 | |a XXXVIII, 187 p. ; |c 21 cm | ||
| 650 | |a Comunicació |x Catalunya |x Directoris |9 37152 | ||
| 650 | |a Mitjans de comunicació de massa |x Catalunya |x Directoris |9 37153 | ||
| 700 | 1 | |a Brunet i Mauri, Joan, |d 1948- |e direcció |9 55901 | |
| 710 | 2 | |a Fundació Centre Internacional de Premsa de Barcelona |9 70971 | |
| 901 | |a Arxiu | ||
| 942 | |n 1 |2 udc |c MON | ||
| 952 | |0 0 |1 0 |4 0 |6 C1270 |7 1 |9 47816 |a Arxiu |b Arxiu |d 2016-12-01 |l 0 |o C-1-270 |p 10487 |r 2016-12-01 00:00:00 |w 2016-12-01 |y ARXIU | ||
| 999 | |c 51615 |d 51615 | ||